000
00263nmm a2200085Ia 4500
008
220120s9999||||xx |||||||||||||||||und||
100
_a
Digit May 2010
245
0
_a
250 freeware internetmultimedia developer systems tools, 600
260
_a
Cyber tach publication
_c
2010
999
_c
139477
_d
139477